| 000 | 00559nam a22001937a 4500 | ||
|---|---|---|---|
| 003 | CEME | ||
| 005 | 20210628210458.0 | ||
| 008 | 210208b xxu||||| |||| 00| 0 eng d | ||
| 020 | _a0-471-58431-2 | ||
| 040 | _c. | ||
| 082 | _a621.4 MCG | ||
| 100 |
_aStein, Benjamin Mcguinness, William.J _979558 |
||
| 245 | _aMechanical and electrical equipment for buildings | ||
| 250 | _a5TH | ||
| 260 |
_aNEW YORK _bJOHN WILEY _c1971 |
||
| 300 | _a1011P | ||
| 650 |
_aMECHANICAL EQUIPMENT FOR BUILDINGS ELECTRICAL EQUIPMENT FOR BUILDINGS _979559 |
||
| 942 |
_cBK _2ddc |
||
| 999 |
_c584583 _d584583 |
||